Danganronpa Ultime de A-Z - Statistiques

Statistiques générales
  • Ce quiz a été pris 76 fois
  • Le résultat moyen est 13 sur 19
Statistiques - réponses
Lettre Ultimes % Correct
A Anthropologiste/Artiste/Assassin/Animateur/Astronaute/Auteure/Aïkidoka/Auteur de fanzines/Artiste martiale/Analyste
92%
D Despote/Detective/Danseuse Traditionnel/Désespoir
90%
C Cosplayeuse/Chanceux/Cuisinier/Confiseuse/Chasseur de talents/Catcheur
88%
I Inventeuse/Infirmière/Imposteur/Idole
88%
P Pianiste/Princesse/Photographe/Parieuse/Programmeur/Préfet/Président du Conseil des Élèves/Pharmacienne
86%
N Nurse/Nageuse/Neurologue
82%
E Entomologiste/Éleveur/Espoir/Espion
78%
G Gouvernante/Gameuse/Gymnaste/Garde du corps
78%
M Magicienne/Mécanicien/Manager
71%
H Héritier
65%
T Tennisman/Tueuse en serie/Thérapeute
65%
V Voyant
63%
Y Yakuza
63%
R Robot
61%
S Survivant/Soldat
59%
B Biker/Boxeur
53%
J Joueuse de Musique Légère/Joueur de baseball
53%
F Fashionista/Femme de Ménage/Forgeron/Fermier
45%
K Kendoka
35%
Aucun quiz correspondant
Distribution des résultats
% des personnes avec chaque résultat
Percentile par nombre de réponses
Votre historique - résultats
Vous n’avez pas pris ce quiz